BUBT Library Online Catalog

Flat Knitting Technology (Record no. 4075)

000 -LEADER
fixed length control field 00483nam a2200193Ia 4500
003 - CONTROL NUMBER IDENTIFIER
control field BUBTL
008 - FIXED-LENGTH DATA ELEMENTS--GENERAL INFORMATION
fixed length control field 151213s9999 xx 000 0 und d
082 ## - DEWEY DECIMAL CLASSIFICATION NUMBER
Classification number 677RAF
100 ## - MAIN ENTRY--PERSONAL NAME
Personal name Raz, Samuel
9 (RLIN) 1103
245 ## - TITLE STATEMENT
Title Flat Knitting Technology
260 ## - PUBLICATION, DISTRIBUTION, ETC. (IMPRINT)
Place of publication, distribution, etc. Germany
Name of publisher, distributor, etc. C.F.Rees
Date of publication, distribution, etc. c1993
300 ## - PHYSICAL DESCRIPTION
Extent 542p.
Other physical details ills.
Dimensions 21cm.
650 ## - SUBJECT ADDED ENTRY--TOPICAL TERM
Topical term or geographic name as entry element Textile
650 ## - SUBJECT ADDED ENTRY--TOPICAL TERM
Topical term or geographic name as entry element Textile
700 ## - ADDED ENTRY--PERSONAL NAME
Personal name Raz, Samuel
9 (RLIN) 1104
856 ## - ELECTRONIC LOCATION AND ACCESS
Password 0
Logon 0
Link text Download
942 ## - ADDED ENTRY ELEMENTS (KOHA)
Source of classification or shelving scheme
Koha item type Books
Holdings
Withdrawn status Lost status Source of classification or shelving scheme Damaged status Not for loan Collection code Permanent location Current location Shelving location Date acquired Inventory number Total Checkouts Full call number Barcode Date last seen Copy number Price effective from Koha item type Date last checked out
          Non-fiction Bangladesh University of Business and Technology Library Bangladesh University of Business and Technology Library Textile Engineering Stacks 08/26/2010 8076   677RAF BUBTL-20038076 03/11/2017 C-1 03/11/2017 Books  
          Non-fiction Bangladesh University of Business and Technology Library Bangladesh University of Business and Technology Library Textile Engineering Stacks 08/26/2010 8075 1 677RAF BUBTL-20038075 07/17/2022 C-2 03/11/2017 Books 07/05/2022
        Not For Loan Non-fiction Bangladesh University of Business and Technology Library Bangladesh University of Business and Technology Library Textile Engineering Stacks 08/28/2010 8077   677RAF BUBTL-20038077 03/11/2017 C-3 03/11/2017 Books  

More Information About Library

Library Hours

  • Open: 9.00 am. to 9.00 pm.
  • Only Sunday: 9.00 am. to 6.00 pm.
  • Closed: Holiday

Contact to the University

Bangladesh University of Business and Technology Library

  • Mirpurl-2, 1216.
  • Phone:
  • Fax:
  • E-Mail: admin.library@bubt.edu.bd

Contact to the Library

Contact Person:

Md. Abdul Hakim Shah
Joint Librarian
PABX No:  113
Cell No: 01816332931
E-mail: official: admin.library@bubt.edu.bd
Personal: hakim.shah@bubt.edu.bd


BUBT Library

Copyright © 2021